Torturas y abuso de poder (Registro nro. 3589)

Detalles MARC
000 -Cabecera
Campo de control de longitud fija 00699nam a22002777a 4500
005 - Fecha y hora de la última transacción
Campo de control 20260413193019.0
008 - Elementos de longitud fija--Información general
Campo de control de longitud fija 150303b2006 xxu||||| |||| 00| 0 spa d
020 ## - International Standard Book Number
Número Internacional Estándar del Libro (ISBN) 8476587880
041 ## - Idioma
Código de idioma Español
082 ## - Clasificación Decimal Dewey
Número de clasificación 364.67 B493t
100 ## - Entrada principal--Autor personal
Nombre personal Bergalli, Roberto
9 (RLIN) 29750
245 ## - Título propiamente dicho
Título Torturas y abuso de poder
260 ## - Pie de imprenta
Lugar de publicación, distribución, etc. España
260 ## - Pie de imprenta
Nombre del editor, distribuidor, etc. Antrophos
260 ## - Pie de imprenta
Fecha de publicación, distribución, etc. 2006
300 ## - Descripción física
Extensión 186 páginas
490 ## - Serie
Título de la Serie Investigación Criminal
650 ## - Materia general
Temática (materia general) TORTURA
650 ## - Materia general
Temática (materia general) DERECHOS HUMANOS
650 ## - Materia general
Temática (materia general) DELITOS CONTRA LA PERSONA
650 ## - Materia general
Temática (materia general) DERECHO INTERNACIONAL
650 ## - Materia general
Temática (materia general) ABUSO DE PODER
650 ## - Materia general
Temática (materia general) PENAS CRUELES
650 ## - Materia general
Temática (materia general) PREVENCIÓN DE LA TORTURA
942 ## - Punto de acceso adicional KOHA
Tipo de ítem KOHA Libro
Fuente del sistema de clasificación o colocación Dewey Decimal Classification
Existencias
Signatura completa Código de barras Programa Académico Tipo de ítem
364.67 B493t 18559 Investigación Criminal Libro